000
00174nam a22000857a 4500
082
_a
526.9TRA
100
_a
Tracy John C
245
_a
Surveying theory and practice
942
_c
BK
999
_c
15165
_d
15165